Začína kyberšikanovanie v rodinách?

Bibliographic Details
Main Author: Tománek, Pavol, 1982- (Author)
Format: Article
Language:Slovak
PhysicalDescription:Grafy
ISSN:1336-3689
Subjects:

MARC

LEADER 00000nab a2200000 ar4500
001 vtls010446197
003 SK-MaSNL
005 20260304171416.0
008 120905c2012 xo |r|p|||an |000 b|slo
015 |a SNBRB2012/09 
038 |a SPK 
040 |a SPKCL  |b slo  |c AACR2  |e AACR2 
041 0 |a slo  |b slo 
044 |a xo  |c SK 
072 7 |a 364  |x Sociálne problémy vyžadujúce podporu a pomoc. Sociálne zabezpečenie  |2 konspekt 
072 7 |a 004.7  |x Počítačové siete  |2 konspekt 
072 7 |a 347  |x Súkromné právo  |2 konspekt 
072 7 |a 316.77  |x Informačná veda  |2 konspekt 
080 |a 364.636:004.738.5  |2 2001 
080 |a 004.738.5  |2 2001 
080 |a 347.61  |2 2001 
080 |a 316.77  |2 2001 
100 1 |a Tománek, Pavol,  |d 1982-  |4 aut  |9 151963 
245 1 0 |a Začína kyberšikanovanie v rodinách?  |c Pavol Tománek 
300 |b Grafy 
504 |a Bibliogr. odkazy 
546 |a Res. slov. 
650 0 7 |a kyberšikanovanie  |2 snkbucl  |9 175097 
650 0 7 |a rodina  |2 snkbucl  |9 4138 
650 0 7 |a komunikácia  |2 snkbucl  |9 1362 
773 0 |t Prevencia : informačný bulletin zameraný na prevenciu sociálno-patologických javov v rezorte školstva  |g Roč. XI, č. 2(2012), s. 41-50  |x 1336-3689 
852 |a SPK  |b KIS3GCP 
958 |a NB  |2 spk 
999 |c 2993326  |d 2995256